Littérature - Les expressions de la sensibilité (1) - Statistiques

Statistiques générales
  • Ce quiz a été pris 31 fois
  • Le résultat moyen est 4 sur 10
Statistiques - réponses
Hint Réponse % Correct
Personnage fictionnel qui vit à travers son imaginaire et ses lectures chevaleresques, dont la mission est de parcourir l'Espagne. Don Quichotte
88%
Auteur de cette oeuvre Flaubert
73%
Oeuvre dans laquelle Emma fait naître sa sensibilité dans des lectures sentimentales et romantiques en rupture avec son existence monotone. Mme Bovary
73%
Personnage shakespearien doté d'une sensibilité accrue qui le tiraille entre action et réflexion, car son devoir le pousse à venger son père. Hamlet
69%
Autofiction dans laquelle l'auteur Gael Faye raconte le génocide des Tutsi au Rwanda et au Burundi. Petit Pays
54%
Oeuvre de Rousseau dans laquelle il fait l'expérience mystique d'exister. Les rêveries du promeneur solitaire
12%
Puissance qui fonctionne comme un miroir de l'âme, surtout dans la littérature romantique. Nature
12%
Auteur du livre Le vieux qui lisait des romans d'amour Sepulvedà
12%
Date de publication de cette oeuvre 1992
8%
Dans cette même oeuvre, Gabriel développe sa sensibilité par la lecture accrue de livres qu'il emprunte à une vielle voisine grecque, dont le nom est Economopoulos
8%
Aucun quiz correspondant
Distribution des résultats
% des personnes avec chaque résultat
Percentile par nombre de réponses
Votre historique - résultats
Vous n’avez pas pris ce quiz